00403 2200157 4500001002100000008004100021035002000062245004200082100001800124260002500142300002200167020002200189084001400211082000800225990001200233INLIS000000000002803 IND  a0010-0925000150 aMy Best Friend ForevercKanzha Akifah aKanzha Akifah aJakartabZettuc2019 a170c(13 x 19 cm) a978-602-6409-99-7 a813 KAN m a813 a0755025